¿Quién es? Jugadores de Tigres UANL - Estadísticas

Estadísticas generales
  • Esta prueba ha sido intentada 83 veces
  • La puntuación promedio es 10 de 16
Estadísticas de respuestas
Imagen Respuesta % Correcto
André-Pierre Gignac
100%
Nahuel Guzmán
90%
Lucas Lobos
87%
Damián Álvarez
84%
Hugo Ayala
80%
Jesús Dueñas
75%
Rafael Sóbis
72%
José Rivas Mortera
62%
Walter Gaitán
62%
Aldo de Nigris
57%
Héctor Mancilla
56%
Joffre Guerrón
54%
Danilo Verón Bairros
46%
Andrés Silvera
30%
Manuel Viniegra
28%
Itamar Batista
20%
No se encontraron pruebas coincidentes
Distribución de puntuación
Porcentaje de gente con cada puntuación
Porcentaje por número respondido
Historial de tus puntuaciones
No has intentado esta prueba.